| 000 -LEADER |
| fixed length control field |
01727nam a2200481Ia 4500 |
| 003 - CONTROL NUMBER IDENTIFIER |
| control field |
OSt |
| 005 - DATE AND TIME OF LATEST TRANSACTION |
| control field |
20241223102413.0 |
| 006 - FIXED-LENGTH DATA ELEMENTS--ADDITIONAL MATERIAL CHARACTERISTICS |
| fixed length control field |
m d |
| 007 - PHYSICAL DESCRIPTION FIXED FIELD--GENERAL INFORMATION |
| fixed length control field |
cr cnu|||||||| |
| 008 - FIXED-LENGTH DATA ELEMENTS--GENERAL INFORMATION |
| fixed length control field |
140912s2014 pau d eng d |
| 020 ## - INTERNATIONAL STANDARD BOOK NUMBER |
| International Standard Book Number |
9789390612024 |
| 020 ## - INTERNATIONAL STANDARD BOOK NUMBER |
| International Standard Book Number |
1609139712 |
| 035 ## - SYSTEM CONTROL NUMBER |
| System control number |
(OCoLC)101633736 |
| 040 ## - CATALOGING SOURCE |
| Transcribing agency |
DLC |
| 049 ## - LOCAL HOLDINGS (OCLC) |
| Holding library |
YYEA |
| -- |
VZYM |
| 080 ## - UNIVERSAL DECIMAL CLASSIFICATION NUMBER |
| Universal Decimal Classification number |
616.89 |
| Item number |
K-20 |
| 096 ## - LOCALLY ASSIGNED NLM-TYPE CALL NUMBER (OCLC) |
| Classification number |
WM 140 S126K 2015 |
| 100 1# - MAIN ENTRY--PERSONAL NAME |
| Personal name |
Sadock, Benjamin J., |
| Dates associated with a name |
1933- |
| 245 10 - TITLE STATEMENT |
| Title |
Kaplan & Sadock's synopsis of psychiatry |
| Remainder of title |
behavioral sciences/clinical psychiatry. |
| 246 3# - VARYING FORM OF TITLE |
| Title proper/short title |
Kaplan and Sadock's synopsis of psychiatry. |
| 246 3# - VARYING FORM OF TITLE |
| Title proper/short title |
Synopsis of psychiatry. |
| 250 ## - EDITION STATEMENT |
| Edition statement |
12th ed. / |
| Remainder of edition statement |
Benjamin James Sadock, Virginia Alcott Sadock, Pedro Ruiz. |
| 260 ## - PUBLICATION, DISTRIBUTION, ETC. |
| Place of publication, distribution, etc. |
Philadelphia : |
| Name of publisher, distributor, etc. |
Wolters Kluwer, |
| Date of publication, distribution, etc. |
2022 |
| 300 ## - PHYSICAL DESCRIPTION |
| Extent |
xiv, 1181 p. : |
| Other physical details |
ill. ; (pictures) ; |
| Dimensions |
27 cm. |
| 500 ## - GENERAL NOTE |
| General note |
EINSTEIN & MMC: available online via STAT!Ref. See Reference staff for assistance. |
| 500 ## - GENERAL NOTE |
| General note |
EINSTEIN: also available in print. |
| 500 ## - GENERAL NOTE |
| General note |
EINSTEIN: also available online via Books@Ovid. See Reference staff for assistance. |
| 538 ## - SYSTEM DETAILS NOTE |
| System details note |
Mode of access: World Wide Web. |
| 590 ## - LOCAL NOTE (RLIN) |
| Local note |
c.1 1006865x Ritt 10/1/14 $119.99. |
| 590 ## - LOCAL NOTE (RLIN) |
| Local note |
e-book Ovid 6/25/2015. |
| 650 #2 - SUBJECT ADDED ENTRY--TOPICAL TERM |
| Topical term or geographic name entry element |
Mental Disorders. |
| 650 #0 - SUBJECT ADDED ENTRY--TOPICAL TERM |
| Topical term or geographic name entry element |
Psychiatry |
| 9 (RLIN) |
131 |
| 650 #0 - SUBJECT ADDED ENTRY--TOPICAL TERM |
| Topical term or geographic name entry element |
Medicine |
| 9 (RLIN) |
69 |
| 653 ## - INDEX TERM--UNCONTROLLED |
| Uncontrolled term |
ფსიქიატრია |
| 653 ## - INDEX TERM--UNCONTROLLED |
| Uncontrolled term |
მედიცინა |
| 653 ## - INDEX TERM--UNCONTROLLED |
| Uncontrolled term |
ნენტალური დარღვევები |
| 700 1# - ADDED ENTRY--PERSONAL NAME |
| Personal name |
Sadock, Virginia A. |
| 700 1# - ADDED ENTRY--PERSONAL NAME |
| Personal name |
Ruiz, Pedro, |
| Dates associated with a name |
1936- |
| 710 2# - ADDED ENTRY--CORPORATE NAME |
| Corporate name or jurisdiction name as entry element |
Ovid (Online Service) |
| 710 2# - ADDED ENTRY--CORPORATE NAME |
| Corporate name or jurisdiction name as entry element |
STAT!Ref (Online service) |
| 710 2# - ADDED ENTRY--CORPORATE NAME |
| Corporate name or jurisdiction name as entry element |
Teton Data Systems (Firm) |
| 942 ## - ADDED ENTRY ELEMENTS (KOHA) |
| Source of classification or shelving scheme |
|
| Koha item type |
Books |
| Edition |
12 |